000 00943nam a22001937a 4500
003 OSt
005 20260302002859.0
008 260226b |||||||| |||| 00| 0 eng d
040 _aDWCL GS library
_cOC
082 _aFic. D621f 2008
100 _aDixon, Franklin W.
245 _athe hardy boys mystery stories 16
_b: a figure in hiding
_cFranklin W. Dixon
260 _aNew York
_bGrosset & Dunlap
_cc1937
300 _a176
_billustrations
_c19cm
520 _aA Figure in Hiding (1937), the 16th volume in The Hardy Boys series by Franklin W. Dixon, follows Frank and Joe Hardy as they investigate a "Goggler Gang" run by a fake eye surgeon, Dr. Grafton. The boys tackle cases involving a stolen idol, a high-speed boat, and a terrified businessman while navigating warnings from a blind peddler.
546 _aEnglish
700 _aFranklin W. Dixon
942 _2ddc
_cFIC.
_hFic. D621f 2008
_n0
999 _c8541
_d8541